[Event "CZE-chT2B 2223"]
[Site "Czech Republic"]
[Date "2022.12.18"]
[Round "5.5"]
[White "Formanek, Martin"]
[Black "Lhotsky, Frantisek"]
[Result "0-1"]
[WhiteElo "2181"]
[BlackElo "2050"]
[PlyCount "118"]
[EventDate "2022.10.16"]
[EventType "team-tourn"]
[EventRounds "11"]
[EventCountry "CZE"]
[SourceTitle "EXT 2024"]
[Source "ChessBase"]
[SourceDate "2023.10.10"]
[SourceVersion "1"]
[SourceVersionDate "2023.10.10"]
[SourceQuality "1"]
[WhiteTeam "Kobylisy"]
[BlackTeam "Kladno"]
[WhiteTeamCountry "CZE"]
[BlackTeamCountry "CZE"]

1. e4 e5 2. Nf3 Nc6 3. Bb5 a6 4. Ba4 Nf6 5. d3 b5 6. Bb3 d6 7. c3 Be7 8. Nbd2 0-0 9. 0-0 Na5 10. Bc2 c5 11. Re1 Qc7 12. Nf1 Re8 13. Bg5 h6 14. Bh4 Nh7 15. Ne3 Be6 16. Bg3 Bg5 17. Nxg5 Nxg5 18. f4 exf4 19. Bxf4 Qd8 20. Qh5 Nc6 21. Rad1 Ne5 22. b3 Nef3+ 23. Kh1 Nxe1 24. Rxe1 Qf6 25. Bxg5 Qxg5 26. Qf3 d5 27. d4 cxd4 28. cxd4 Rac8 29. e5 Rc3 30. Qf2 Rec8 31. Bd1 h5 32. h4 Qg6 33. Bf3 Rc1 34. Rxc1 Rxc1+ 35. Kh2 Qb1 36. Nxd5 Rh1+ 37. Kg3 Qg6+ 38. Kf4 Qh6+ 39. Kg3 Qg6+ 40. Kf4 Qh6+ 41. Kg3 Bxd5 42. Bxd5 Qg6+ 43. Kf4 Qd3 44. Bf3 g6 45. Kg3 Rc1 46. d5 Rc3 47. Kh2 Qf5 48. Qg3 Re3 49. e6 Qe5 50. Qxe5 Rxe5 51. exf7+ Kxf7 52. Kg3 Ke7 53. Kf4 Rf5+ 54. Ke4 Kd6 55. Ke3 Ke5 56. Be4 Rf6 57. Bf3 Rf4 58. g3 Rd4 59. Ke2 a5 0-1

[Event "CZE-chT2B 2122"]
[Site "Czech Republic"]
[Date "2022.04.03"]
[Round "11.7"]
[White "Lhotsky, Frantisek"]
[Black "Stastny, Jakub"]
[Result "0-1"]
[WhiteElo "1990"]
[BlackElo "1820"]
[PlyCount "62"]
[EventDate "2021.10.17"]
[EventType "team-tourn"]
[EventRounds "11"]
[EventCountry "CZE"]
[SourceTitle "EXT 2025"]
[Source "ChessBase"]
[SourceDate "2024.10.14"]
[SourceVersion "1"]
[SourceVersionDate "2024.10.14"]
[SourceQuality "1"]
[WhiteTeam "Kladno"]
[BlackTeam "Teplice"]
[WhiteTeamCountry "CZE"]
[BlackTeamCountry "CZE"]

1. d4 Nf6 2. c4 e5 3. dxe5 Ng4 4. Bf4 Nc6 5. Nf3 Bb4+ 6. Nc3 Qe7 7. Qb3 a5 8. a3 a4 9. Qc2 Ba5 10. e3 Ngxe5 11. Nxe5 Nxe5 12. Be2 0-0 13. 0-0 Bxc3 14. Qxc3 Re8 15. c5 f6 16. Rfd1 Rb8 17. Rd4 b6 18. cxb6 Rxb6 19. Rxa4 Bb7 20. Rd4 c5 21. Rd2 d5 22. Qa5 Rb3 23. Rc2 c4 24. Rd1 Bc6 25. Rxd5 Bxd5 26. Qxd5+ Kh8 27. Bxc4 Rb6 28. g3 Rd8 29. Qf7 Qd6 30. Bd5 Rg8 31. Qa7 Qxd5 0-1

[Event "CZE-chT2B 2122"]
[Site "Czech Republic"]
[Date "2022.02.13"]
[Round "8.8"]
[White "Lhotsky, Frantisek"]
[Black "Kotrba, Matej"]
[Result "1-0"]
[WhiteElo "1990"]
[BlackElo "2012"]
[PlyCount "103"]
[EventDate "2021.10.17"]
[EventType "team-tourn"]
[EventRounds "11"]
[EventCountry "CZE"]
[SourceTitle "EXT 2025"]
[Source "ChessBase"]
[SourceDate "2024.10.14"]
[SourceVersion "1"]
[SourceVersionDate "2024.10.14"]
[SourceQuality "1"]
[WhiteTeam "Kladno"]
[BlackTeam "Udlice"]
[WhiteTeamCountry "CZE"]
[BlackTeamCountry "CZE"]

1. d4 d5 2. c4 e6 3. Nf3 Nf6 4. g3 c6 5. Bg2 Bd6 6. 0-0 0-0 7. b3 Nbd7 8. Bb2 Re8 9. Ne5 c5 10. e3 cxd4 11. exd4 Nf8 12. Nd2 Bd7 13. c5 Bc7 14. a4 a5 15. f4 Bc6 16. Qe2 N6d7 17. Ndf3 f6 18. Nd3 Qb8 19. Qc2 Qa7 20. Rac1 Rac8 21. Rfe1 b6 22. Kh1 Ng6 23. f5 Ngf8 24. fxe6 Rxe6 25. Rxe6 Nxe6 26. Bh3 Nef8 27. Ba3 Rb8 28. cxb6 Rxb6 29. Bc5 Nxc5 30. dxc5 Rb8 31. Nd4 Qb7 32. Re1 Re8 33. Rxe8 Bxe8 34. c6 Qb6 35. Qc5 Qb8 36. Ne6 Bf7 37. Nxc7 Qxc7 38. b4 axb4 39. Nxb4 Ne6 40. Bxe6 Bxe6 41. Nd3 h6 42. a5 Kh7 43. a6 Qb8 44. Nf2 Qe5 45. a7 Qa1+ 46. Kg2 d4 47. Qd6 Qa2 48. a8Q Bd5+ 49. Qxd5 Qxd5+ 50. Kg1 d3 51. Qa4 d2 52. Qc2+ 1-0

[Event "CZE-chT2B 2122"]
[Site "Czech Republic"]
[Date "2021.12.19"]
[Round "5.8"]
[White "Lhotsky, Frantisek"]
[Black "Hula, Lukas"]
[Result "0-1"]
[WhiteElo "1990"]
[BlackElo "2002"]
[PlyCount "92"]
[EventDate "2021.10.17"]
[EventType "team-tourn"]
[EventRounds "11"]
[EventCountry "CZE"]
[SourceTitle "EXT 2025"]
[Source "ChessBase"]
[SourceDate "2024.10.14"]
[SourceVersion "1"]
[SourceVersionDate "2024.10.14"]
[SourceQuality "1"]
[WhiteTeam "Kladno"]
[BlackTeam "Litomerice Slavoj"]
[WhiteTeamCountry "CZE"]
[BlackTeamCountry "CZE"]

1. d4 Nf6 2. c4 e6 3. g3 d5 4. Bg2 Bb4+ 5. Nd2 0-0 6. Ngf3 dxc4 7. Qc2 a5 8. Qxc4 b6 9. a3 Be7 10. Qc2 Bb7 11. 0-0 Nbd7 12. b3 Rc8 13. Qa2 c5 14. Bb2 Qc7 15. Rac1 Qb8 16. dxc5 Bxc5 17. Qa1 Qa8 18. Nc4 Rfd8 19. Rcd1 Ne8 20. Rd2 Ndf6 21. Rxd8 Rxd8 22. Ne1 Ne4 23. Nd3 Nxg3 24. hxg3 Bxg2 25. Nf4 Bxf1 26. Qxf1 Qe4 27. Kh2 Qc2 28. Qh3 Bxf2 29. Qh4 Qd1 30. Kg2 Bc5 31. b4 axb4 32. axb4 Bxb4 33. Ne5 Rd7 34. Qg4 Qd6 35. Nh5 Qd5+ 36. Kh2 Bf8 37. Nxd7 Qxd7 38. Bxg7 Bxg7 39. Qxg7+ Nxg7 40. Nf6+ Kh8 41. Nxd7 b5 42. Kg2 Nf5 43. Kf3 Kg7 44. e4 Nd4+ 45. Ke3 Nc6 46. Nc5 Kg6 0-1

[Event "Ricany op"]
[Site "Ricany"]
[Date "2020.08.29"]
[Round "9"]
[White "Ocelak, Jakub"]
[Black "Lhotsky, Frantisek"]
[Result "1/2-1/2"]
[WhiteElo "1949"]
[BlackElo "1975"]
[PlyCount "67"]
[EventDate "2020.08.22"]
[EventType "swiss"]
[EventRounds "9"]
[EventCountry "CZE"]
[SourceTitle "CBM 198 Extra"]
[Source "ChessBase"]
[SourceDate "2020.11.30"]
[SourceVersion "1"]
[SourceVersionDate "2020.11.30"]
[SourceQuality "1"]

1. b3 d5 2. Bb2 Bg4 3. f3 Bf5 4. e3 Nd7 5. f4 e6 6. Nf3 Ngf6 7. Be2 h6 8. d3 Be7 9. Ne5 0-0 10. 0-0 Nxe5 11. fxe5 Nd7 12. Bg4 Bg6 13. Qf3 c5 14. Qg3 Bh4 15. Qh3 Bg5 16. Nd2 d4 17. Nf3 Bxe3+ 18. Kh1 Qc7 19. Qg3 Rae8 20. Rae1 Bf5 21. Nh4 Bxg4 22. Qxg4 Qxe5 23. Nf3 Qf5 24. Qg3 Qf4 25. Qh3 Qd6 26. Re2 f5 27. Rfe1 f4 28. c3 Ne5 29. cxd4 cxd4 30. Ba3 Qxa3 31. Nxe5 Qd6 32. Qh5 Rc8 33. Ng4 Rf5 34. Nxh6+ 1/2-1/2

[Event "Ricany op"]
[Site "Ricany"]
[Date "2020.08.25"]
[Round "5"]
[White "Lhotsky, Frantisek"]
[Black "Hadrava, Jaroslav"]
[Result "1-0"]
[WhiteElo "1975"]
[BlackElo "1883"]
[PlyCount "97"]
[EventDate "2020.08.22"]
[EventType "swiss"]
[EventRounds "9"]
[EventCountry "CZE"]
[SourceTitle "CBM 198 Extra"]
[Source "ChessBase"]
[SourceDate "2020.11.30"]
[SourceVersion "1"]
[SourceVersionDate "2020.11.30"]
[SourceQuality "1"]

1. d4 Nf6 2. c4 g6 3. Nc3 d5 4. cxd5 Nxd5 5. e4 Nxc3 6. bxc3 Bg7 7. Be3 c5 8. Nf3 Qa5 9. Qd2 Nc6 10. Rb1 a6 11. Rc1 f5 12. e5 f4 13. Bxf4 Bg4 14. Be2 Rd8 15. Be3 Bxf3 16. Bxf3 cxd4 17. cxd4 Qxd2+ 18. Kxd2 Nxd4 19. Bxd4 Rxd4+ 20. Ke3 Ra4 21. Bxb7 Bh6+ 22. Kd3 Ra3+ 23. Rc3 Rxc3+ 24. Kxc3 0-0 25. f3 Bg7 26. Re1 a5 27. g3 e6 28. h4 Rb8 29. Ba6 Bf8 30. Rd1 Rb6 31. Bc4 a4 32. Rd7 a3 33. f4 Bc5 34. h5 gxh5 35. f5 Bf2 36. Bxe6+ Kf8 37. Bb3 Bxg3 38. e6 Be5+ 39. Kc4 Rb8 40. Rf7+ Kg8 41. Kd5 Bb2 42. f6 Rxb3 43. axb3 a2 44. Rg7+ Kh8 45. Ra7 Bxf6 46. Rxa2 h4 47. Kd6 Kg7 48. e7 Kf7 49. Rf2 1-0

[Event "Ricany op"]
[Site "Ricany"]
[Date "2020.08.23"]
[Round "3"]
[White "Lhotsky, Frantisek"]
[Black "Strnad, Michael"]
[Result "1/2-1/2"]
[WhiteElo "1975"]
[BlackElo "1813"]
[PlyCount "49"]
[EventDate "2020.08.22"]
[EventType "swiss"]
[EventRounds "9"]
[EventCountry "CZE"]
[SourceTitle "CBM 198 Extra"]
[Source "ChessBase"]
[SourceDate "2020.11.30"]
[SourceVersion "1"]
[SourceVersionDate "2020.11.30"]
[SourceQuality "1"]

1. d4 Nf6 2. c4 g6 3. Nc3 d5 4. Nf3 Bg7 5. cxd5 Nxd5 6. e4 Nxc3 7. bxc3 c5 8. Be3 0-0 9. Qd2 Nc6 10. Rc1 Bg4 11. d5 Bxf3 12. gxf3 Ne5 13. Be2 Qc8 14. h3 e6 15. f4 Nd7 16. c4 Re8 17. Bf3 e5 18. fxe5 Nxe5 19. Be2 Nd7 20. Qc2 Qd8 21. h4 Qe7 22. Bd3 Ne5 23. Be2 Nd7 24. Bf3 Be5 25. Bg2 1/2-1/2

[Event "Ricany op"]
[Site "Ricany"]
[Date "2020.08.23"]
[Round "2"]
[White "Lhotsky, Frantisek"]
[Black "Vojta, Tomas"]
[Result "0-1"]
[WhiteElo "1975"]
[BlackElo "2328"]
[PlyCount "76"]
[EventDate "2020.08.22"]
[EventType "swiss"]
[EventRounds "9"]
[EventCountry "CZE"]
[SourceTitle "CBM 198 Extra"]
[Source "ChessBase"]
[SourceDate "2020.11.30"]
[SourceVersion "1"]
[SourceVersionDate "2020.11.30"]
[SourceQuality "1"]

1. d4 d5 2. Nf3 Nf6 3. c4 dxc4 4. e3 a6 5. Bxc4 b5 6. Be2 Bb7 7. 0-0 e6 8. a4 b4 9. a5 Nbd7 10. b3 c5 11. Bb2 Be7 12. dxc5 Nxc5 13. Qxd8+ Rxd8 14. Nbd2 0-0 15. Bd4 Nd5 16. Rfc1 Nc3 17. Bxc3 bxc3 18. Rxc3 Bf6 19. Nd4 e5 20. Rxc5 exd4 21. Ra2 Rfe8 22. Bf3 dxe3 23. fxe3 Rxe3 24. Kf1 Bxf3 25. Nxf3 Rxb3 26. Rc6 Ra8 27. Rac2 Rbb8 28. Nd2 h6 29. Ne4 Bd8 30. Nc5 Rb1+ 31. Ke2 Bxa5 32. Rxa6 Re8+ 33. Kf3 Bb6 34. Ra3 Rf1+ 35. Kg3 Rf5 36. Nd3 Re3+ 37. Kh4 Bd8+ 38. Kg4 Rd5 0-1

[Event "CZE-chT2B 1920"]
[Site "Czech Republic"]
[Date "2019.11.17"]
[Round "3.6"]
[White "Kupsovsky, Vaclav"]
[Black "Lhotsky, Frantisek"]
[Result "1-0"]
[WhiteElo "1987"]
[BlackElo "1969"]
[PlyCount "93"]
[EventDate "2019.10.13"]
[EventType "team-tourn"]
[EventRounds "11"]
[EventCountry "CZE"]
[SourceTitle "EXT 2024"]
[Source "ChessBase"]
[SourceDate "2023.10.10"]
[SourceVersion "1"]
[SourceVersionDate "2023.10.10"]
[SourceQuality "1"]
[WhiteTeam "Usti nad Labem"]
[BlackTeam "Kladno"]
[WhiteTeamCountry "CZE"]
[BlackTeamCountry "CZE"]

1. e4 e5 2. Nf3 Nc6 3. Bb5 a6 4. Ba4 Nf6 5. d3 b5 6. Bb3 Bc5 7. 0-0 0-0 8. c3 d6 9. Qe2 Bb6 10. Be3 Bxe3 11. Qxe3 Ne7 12. Nbd2 Ng6 13. h3 Re8 14. Rfe1 Be6 15. d4 Bxb3 16. axb3 c6 17. dxe5 dxe5 18. b4 Nd7 19. Nb3 Qc7 20. Nc5 Nxc5 21. Qxc5 Nf8 22. Red1 Re6 23. Qe3 Ree8 24. Ra3 f6 25. Rda1 Qb7 26. Nd2 Ne6 27. Nb3 Red8 28. g3 Ra7 29. Na5 Qc7 30. Nxc6 Qxc6 31. Qxa7 Qxe4 32. Qe3 Qxe3 33. fxe3 Ng5 34. h4 Nf3+ 35. Kg2 e4 36. Rf1 Rd2+ 37. Rf2 Rd1 38. g4 Rg1+ 39. Kh3 g5 40. hxg5 fxg5 41. Rxa6 h5 42. Rg6+ Kh7 43. gxh5 Ne5 44. Re6 Nd3 45. Rg2 Re1 46. Rxe4 Rh1+ 47. Kg4 1-0

[Event "Ricany op-A"]
[Site "Ricany"]
[Date "2019.08.25"]
[Round "2"]
[White "Vystrcil, Martin"]
[Black "Lhotsky, Frantisek"]
[Result "1/2-1/2"]
[WhiteElo "2106"]
[BlackElo "1865"]
[PlyCount "45"]
[EventDate "2019.08.24"]
[EventType "swiss"]
[EventRounds "9"]
[EventCountry "CZE"]
[SourceTitle "EXT 2020"]
[Source "ChessBase"]
[SourceDate "2019.10.17"]
[SourceVersion "1"]
[SourceVersionDate "2019.10.17"]
[SourceQuality "1"]

1. e4 e5 2. Nf3 Nc6 3. Nc3 Nf6 4. d4 exd4 5. Nxd4 Bb4 6. Nxc6 bxc6 7. Bd3 0-0 8. 0-0 d5 9. exd5 Bg4 10. f3 Bh5 11. dxc6 Qd4+ 12. Kh1 Bxc3 13. bxc3 Qxc3 14. Rb1 Qxc6 15. Bb2 Bg6 16. Bxg6 hxg6 17. Rf2 Rad8 18. Rd2 Rxd2 19. Qxd2 Qd6 20. Qc3 Rd8 21. h3 Nh5 22. Qe5 f6 23. Qxd6 1/2-1/2

[Event "Pardubice Czech op-C 30th"]
[Site "Pardubice"]
[Date "2019.07.25"]
[Round "7"]
[White "Fisar, Josef"]
[Black "Lhotsky, Frantisek"]
[Result "1-0"]
[WhiteElo "2081"]
[BlackElo "1913"]
[PlyCount "61"]
[EventDate "2019.07.20"]
[EventType "swiss"]
[EventRounds "9"]
[EventCountry "CZE"]
[SourceTitle "EXT 2020"]
[Source "ChessBase"]
[SourceDate "2019.10.17"]
[SourceVersion "1"]
[SourceVersionDate "2019.10.17"]
[SourceQuality "1"]

1. Nf3 d5 2. g3 c5 3. Bg2 g6 4. 0-0 Bg7 5. c4 Nf6 6. d4 0-0 7. dxc5 dxc4 8. Qc2 Na6 9. Qxc4 Be6 10. Qb5 Ne4 11. c6 Nd6 12. Qa4 Nc5 13. Qh4 bxc6 14. Ng5 h6 15. Nxe6 Nxe6 16. Nc3 Rc8 17. Bh3 g5 18. Qa4 Qb6 19. Bxe6 fxe6 20. Qc2 Nf5 21. e3 Rcd8 22. Bd2 Qb4 23. Rfd1 Nh4 24. Be1 Nf3+ 25. Kg2 Qg4 26. Qe4 Rxd1 27. Rxd1 Qxe4 28. Nxe4 Bxb2 29. Bb4 Kf7 30. Kxf3 Kg6+ 31. Ke2 1-0